LEADER 00957nam0 2200337 450 001 990000871280203316 010 $a88-14-04742-1 035 $a0087128 035 $aUSA010087128 035 $a(ALEPH)000087128USA01 035 $a0087128 100 $a20020114d1994----km-y0ITAy01------ba 101 $aita 102 $aIT 105 $a||||||||001yy 200 1 $aProfili storici delle istituzioni diplomatiche$fAdolfo Maresca 210 $aMilano$cGiuffré$d1994 215 $aXXV, 544 p$d25 cm 606 0 $aDiplomazia$aStoria 676 $a327.2 700 1$aMARESCA,$bAdolfo$0232537 801 0$aIT$bsalbc$gISBD 912 $a990000871280203316 951 $aIG VIII 15 110$b5200 G$cIG VIII 959 $aBK 969 $aGIU 979 $aPATTY$b90$c20020114$lUSA01$h1510 979 $c20020403$lUSA01$h1732 979 $aPATRY$b90$c20040406$lUSA01$h1700 996 $aProfili storici delle istituzioni diplomatiche$9690977 997 $aUNISA LEADER 00750nam0-22002891i-450- 001 990003093050403321 035 $a000309305 035 $aFED01000309305 035 $a(Aleph)000309305FED01 035 $a000309305 100 $a20000920d--------km-y0itay50------ba 101 0 $aita 102 $aIT 200 1 $aHow Do Bangladeshi Elites Understand Poverty?$fNaomi Hassain 225 1 $aIDS working papers$v83 610 0 $aPovertà$aAsia 676 $a20140 676 $aF/1.311 702 1$aHossain,$bNaomi 801 0$aIT$bUNINA$gRICA$2UNIMARC 901 $aBK 912 $a990003093050403321 952 $aPaper$fSES 959 $aSES 996 $aHow Do Bangladeshi Elites Understand Poverty$9459240 997 $aUNINA DB $aING01 LEADER 01224nam--2200385---450- 001 990001217290203316 005 20050609100011.0 035 $a000121729 035 $aUSA01000121729 035 $a(ALEPH)000121729USA01 035 $a000121729 100 $a20031024d1978----km-y0itay0103----ba 101 0 $afre 102 $aFR 105 $a||||||||001yy 200 1 $aAndré Gide et le premier groupe de La Nouvelle Revue française$ela formation du groupe et les années d'apprendistage 1890-1910$fAuguste Anglès 210 $aParis$cGallimard$d1978 215 $a478 p.$d23 cm 225 2 $aBibliothèque des idées 410 0$12001$aBibliothèque des idées 454 1$12001 461 1$1001-------$12001 600 0 $aGide$bAndré 676 $a054 700 1$aANGLES,$bAuguste$0245148 801 0$aIT$bsalbc$gISBD 912 $a990001217290203316 951 $aII.1 Coll.83/ 7(IV C coll. 42/12)$b89037 L.M.$cIV C 959 $aBK 969 $aUMA 979 $aSIAV1$b10$c20031024$lUSA01$h0937 979 $aPATRY$b90$c20040406$lUSA01$h1727 979 $aCOPAT3$b90$c20050609$lUSA01$h1000 996 $aAndre Gide et le premier groupe de la Nouvelle Revue Francaise$9655098 997 $aUNISA